Učitavanje...

തണ്ണീര്‍ /

Bibliografski detalji
Glavni autor: അശോകമിത്രന്‍
Daljnji autori: Sreenivasan, P. K. (Prevodilac)
Format: Printed Book
Jezik:English
Izdano: കോഴിക്കോട് : മാതൃഭൂമി ബുക്സ്, 2004.
Izdanje:1st ed.
Teme:
LEADER 00761nam a22001937a 4500
008 150302b xxu||||| |||| 00| 0 eng d
020 |a 9788182640771 
082 |a 894.8113 ASO/SRE 
100 |a അശോകമിത്രന്‍ 
240 |a Thanneer 
245 |a തണ്ണീര്‍ /  |c പി. കെ. ശ്രീനിവാസന്‍ 
250 |a 1st ed. 
260 |a കോഴിക്കോട് :  |b മാതൃഭൂമി ബുക്സ്,  |c 2004. 
300 |a 88p. 
650 |a Novel 
700 |a Sreenivasan, P. K.  |e translator. 
942 |2 ddc  |c BK 
999 |c 10278  |d 10278 
952 |0 0  |1 0  |2 ddc  |4 0  |6 894_811300000000000_ASO_SRE  |7 0  |9 14508  |a MAIN  |b MAIN  |d 2015-03-02  |e Mathrubhumi Books  |g 50.00  |o 894.8113 ASO/SRE  |p 14602  |r 2015-03-02  |t 1  |w 2015-03-02  |y BK